| 000 | 00773nam a2200229 a 4500 | ||
|---|---|---|---|
| 005 | 20230330063735.0 | ||
| 008 | 991125s1982 mx 000 0 spa u | ||
| 020 | _a9688131245 | ||
| 035 | _aUPN01000047143 | ||
| 049 | _aCG | ||
| 050 | 4 |
_aHD4861 _aN4.6 |
|
| 100 | 1 |
_aNeffa, Julio César _929716 |
|
| 245 | 1 | 0 |
_aProceso de trabajo, división del trabajo y nuevas formas de organización del trabajo / _cJulio César Neffa. |
| 260 |
_aMéxico : _bSTPS : _bINET, _c1982. |
||
| 300 | _a244 p. | ||
| 440 | 0 |
_aCuadernos INET ; _v20 |
|
| 590 | _a(También localizas un ejemplar en el "Area de Reserva") | ||
| 590 | _aBibliografía Básica (BGTQ) | ||
| 650 | 4 |
_aTRABAJO Y TRABAJADORES - _xCLASIFICACION DE TAREAS |
|
| 650 | 2 |
_aOrganización industrial _96170 |
|
| 905 | _aLibro | ||
| 999 |
_c47143 _d47143 |
||